000 01132nam a22003377a 4500
003 CHAP
005 20220329141244.0
008 971010s1947 r 00010 d
010 _a65221
011 _a66193
035 _a74200
040 _cCHAP
090 _aTesis
100 0 0 _aMatus Micelli, Ariosto.
_973109
245 _aProyecto de una presa de almacenamiento sobre el Río Chuviscar en Aldama, Chih.
260 _aChapingo, Méx. :
_bEl autor,
_c1947
300 _a55 h.
_b: ilus.
502 _aTesis (Ing. Agr. Esp. en Irrigación) -- ENA. Departamento de Irrigación
590 _aALEPH
_b10
_c20130110
_lUCH01
_h1355
590 _aBATCH-UPD
_b10
_c20130110
_lUCH01
_h1633
590 _aBATCH-UPD
_b10
_c20130410
_lUCH01
_h1025
590 _aBATCH-UPD
_b10
_c20130914
_lUCH01
_h1658
590 _aCONVERSION
_b10
_c20130109
_lUCH01
_h1336
650 1 4 _aIrrigación
_xProyectos
_xChihuahua.
_960448
650 1 4 _aPresas
_xChihuahua.
_991481
901 _aBK
942 _cFOLL
949 _bBC
_cTES
_d-146726
_eTS1
_i74200
_si
949 _bBC
_cTES
_d-146727
_eTS2
_fc.2
_i74200
_si
949 _bI
_cTES
_d-7055
_eTS1
_h316
_i74200
_si
999 _c65221
_d65221